ბათუმის შოთა რუსთაველის სახელმწიფო უნივერსიტეტის ბიბლიოთეკა

A student's Introduction to English Grammar / (ბიბ.ჩანაწერი № 45344)

000 -LEADER
fixed length control field 00709nam a2200229Ia 4500
001 - CONTROL NUMBER
control field 12168
003 - CONTROL NUMBER IDENTIFIER
control field GE_BSU
005 - DATE AND TIME OF LATEST TRANSACTION
control field 20221118150005.0
008 - FIXED-LENGTH DATA ELEMENTS--GENERAL INFORMATION
fixed length control field 181216s2005en xx |||||||||||||| ||eng||
020 ## - INTERNATIONAL STANDARD BOOK NUMBER
International Standard Book Number 9780521612883x
040 ## - CATALOGING SOURCE
Transcribing agency GE_BSU
041 ## - LANGUAGE CODE
Language code of text/sound track or separate title eng
080 ## - UNIVERSAL DECIMAL CLASSIFICATION NUMBER
Universal Decimal Classification number 811.111 H-88
100 ## - MAIN ENTRY--PERSONAL NAME
Personal name Huddleston, Rodney.
9 (RLIN) 15927
245 #2 - TITLE STATEMENT
Title A student's Introduction to English Grammar /
Statement of responsibility, etc. Rodney Huddleston, Pullum, Geoffrey k.
264 ## - PRODUCTION, PUBLICATION, DISTRIBUTION, MANUFACTURE, AND COPYRIGHT NOTICE
Place of production, publication, distribution, manufacture Cambridge:
Name of producer, publisher, distributor, manufacturer University Press,
Date of production, publication, distribution, manufacture, or copyright notice 2005.
300 ## - PHYSICAL DESCRIPTION
Extent 312 p;.
Other physical details 24 cm.
653 ## - INDEX TERM--UNCONTROLLED
keyword A student's Introduction to English Grammar.
653 ## - INDEX TERM--UNCONTROLLED
keyword ინგლისური გრამატიკა
700 ## - ADDED ENTRY--PERSONAL NAME
Personal name Geoffrey k. Pullum
9 (RLIN) 15928
942 ## - ADDED ENTRY ELEMENTS (KOHA)
Koha item type წიგნი
Source of classification or shelving scheme
ეგზემპლარები
Withdrawn status Lost status Source of classification or shelving scheme Damaged status Not for loan Permanent Location Current Location Shelving location Date acquired Cost, normal purchase price Full call number Barcode Date last seen Copy number Price effective from Koha item type Public note
          ბათუმის შოთა რუსთაველის სახელმწიფო უნივერსიტეტის მთავარი ბიბლიოთეკა ბათუმის შოთა რუსთაველის სახელმწიფო უნივერსიტეტის მთავარი ბიბლიოთეკა წიგნსაცავი 2018-12-17 84.00 811.111 H-88 36014 2018-12-17 36014 2018-12-17 წიგნი 84ლ.
          ბათუმის შოთა რუსთაველის სახელმწიფო უნივერსიტეტის მთავარი ბიბლიოთეკა ბათუმის შოთა რუსთაველის სახელმწიფო უნივერსიტეტის მთავარი ბიბლიოთეკა წიგნსაცავი 2018-12-17 84.00 811.111 H-88 36015 2018-12-17 36015 2018-12-17 წიგნი 84ლ.